| 000 | 00840nam a2200265Ia 4500 | ||
|---|---|---|---|
| 003 | OSt | ||
| 005 | 20220925185837.0 | ||
| 006 | a|||||r|||| 00| 0 | ||
| 007 | ta | ||
| 008 | 220923b |||||||| |||| 00| 0 eng d | ||
| 020 |
_a9781133598640 _c3631.25 |
||
| 037 |
_b162/2012-13, 28/02/2013, PIONEER BOOK DISTRIBUTORS _cGeneral Book |
||
| 040 |
_aRTL _cRTL _beng |
||
| 041 |
_2eng _aeng |
||
| 082 | _aU2894, Q1;Q4 | ||
| 100 | _aHYNDMAN Donald | ||
| 245 | 0 | _aNatural hazards and disasters. Ed 4 | |
| 260 |
_aAustralia _bBrooks/ Cole _c2014 |
||
| 300 |
_axviii, 555p _ccm. |
||
| 500 | _aGlossary: p 517-529 | ||
| 650 | _aGeography | ||
| 700 | _a HYNDMAN David | ||
| 942 |
_hU2894, Q1;Q4 _cGB _2CC |
||
| 999 |
_c512413 _d512413 |
||